I'll take the high road: (Record no. 12724)

000 -LEADER
fixed length control field 00596nam a2200181 a 4500
001 - CONTROL NUMBER
control field :::00010538$&:&@@
003 - CONTROL NUMBER IDENTIFIER
control field OkBaRHE
005 - DATE AND TIME OF LATEST TRANSACTION
control field 20000607103359.0
008 - FIXED-LENGTH DATA ELEMENTS--GENERAL INFORMATION
fixed length control field s1968 j 000 0 eng u
040 ## - CATALOGING SOURCE
Transcribing agency
100 1# - MAIN ENTRY--PERSONAL NAME
Personal name Olford, Stephen F.
245 10 - TITLE STATEMENT
Title I'll take the high road:
Remainder of title some important signposts along the King's highway.
260 ## - PUBLICATION, DISTRIBUTION, ETC. (IMPRINT)
Place of publication, distribution, etc Grand Rapids, MI., :
Name of publisher, distributor, etc Zondervan Publishing House
Date of publication, distribution, etc c1968
300 ## - PHYSICAL DESCRIPTION
Extent 58 p. ;
Dimensions 20 cm.
650 ## - SUBJECT ADDED ENTRY--TOPICAL TERM
Topical term or geographic name as entry element Christian Life
942 ## - ADDED ENTRY ELEMENTS (KOHA)
Source of classification or shelving scheme
Koha item type Books
Copies
Date acquired Date last seen Barcode Permanent Location Damaged status Lost status Copy number Price effective from Source of classification or shelving scheme Withdrawn status Full call number Koha item type Shelving location Not for loan
2010-04-142010-04-1410538RHEMA Bible Training College  12010-04-14  BV 4501 .O4BooksGeneral Stacks